| 000 | 00691nam a2200229Ia 4500 | ||
|---|---|---|---|
| 008 | 191130s2003##################000#0#eng## | ||
| 020 | _a9780691123929 | ||
| 022 | _a2002042720 | ||
| 040 |
_aACL _cACL |
||
| 082 | _a302 HAR | ||
| 100 | _aHardin, Russell | ||
| 245 |
_aIndeterminacy and society _cRussell Hardin |
||
| 260 |
_aPrinceton, NJ _bPrinceton University Press _cc2003 |
||
| 300 | _axii, 166 p. ; 24 cm | ||
| 500 | _aIncludes bibliographical references (p. [151]-158) and index | ||
| 650 | _aChoice (Psychology) | ||
| 650 | _aDeterminism (Philosophy) | ||
| 650 | _aSocial interaction | ||
| 990 | _abdea4a18ac10000c2fb13c6be3e62483 | ||
| 991 | _a230062 | ||
| 999 |
_c213442 _d213442 |
||